Can You Name Every Movie Dwayne ‘The Rock’ Johnson Has Been In? - Statistics

General Stats
  • This quiz has been taken 23 times
  • The average score is 9 of 52
Answer Stats
Year Movie % Correct
2009 Fast And Furious
55%
2022 Black Adam
50%
2016 Moana
45%
2021 Jungle Cruise
41%
2013 Fast And Furious 6
36%
2019 Hobbs And Shaw
36%
2019 Jumanji: The Next Level
36%
2017 Jumanji: Welcome To The Jungle
36%
2021 Red Notice
36%
2016 Central Intelligence
32%
2015 Fast And Furious 7
32%
2015 San Andreas
32%
2002 The Scorpion King
32%
2010 Tooth Fairy
32%
2018 Skyscraper
27%
2017 Baywatch
18%
2010 Faster
18%
2019 Fighting With My Family
18%
2012 Journey 2: The Mysterious Island
18%
2018 Rampage
18%
2017 The Fate Of The Furious
18%
1999 The Mummy
18%
2011 Fast Five
14%
2021 Free Guy
14%
2014 Hercules
14%
2009 Race To Witch Mountain
14%
2013 Snitch
14%
2003 The Rundown
14%
2004 Walking Tall
14%
2005 Doom
9%
2013 Empire State
9%
2006 Gridiron Gang
9%
2013 Pain And Gain
9%
2019 Shazam
9%
2007 The Game Plan
9%
2010 The Other Guys
9%
2005 Be Cool
5%
2008 Get Smart
5%
2009 Planet 51
5%
2006 Southland Tales
5%
2001 The Mummy Returns
5%
2010 You Again
5%
2018 Aquaman
0%
2022 DC League Of A Super Pets
0%
2015 Fast And Furious: Supercharged
0%
2013 G.I. Joe: Retaliation
0%
2015 Jem And The Holograms
0%
2001 Longshot
0%
2007 Reno 911! Miami
0%
2006 The Fast And The Furious: Tokyo Drift
0%
2012 Tooth Fairy 2
0%
2010 Why Did I Get Married Too?
0%
No matching quizzes found
Score Distribution
Percent of People with Each Score
Percentile by Number Answered
Your Score History
You have not taken this quiz